Ánh lửa tình bạn

সংরক্ষণ করুন:
গ্রন্থ-পঞ্জীর বিবরন
সংস্থা লেখক: First News
বিন্যাস: গ্রন্থ
ভাষা:Vietnamese
প্রকাশিত: TP. Hồ Chí Minh Tổng hợp TP. Hồ Chí Minh 2008
মালা:Hạt giống tâm hồn
বিষয়গুলি:
ট্যাগগুলো: ট্যাগ যুক্ত করুন
কোনো ট্যাগ নেই, প্রথমজন হিসাবে ট্যাগ করুন!
Thư viện lưu trữ: Trung tâm Học liệu Lê Vũ Hùng, Trường Đại học Đồng Tháp
LEADER 00781aam a22002538a 4500
001 00028723
005 20171026081023.0
008 120403s2008 ||||||viesd
020 |c 19000 
041 0 # |a vie 
082 1 4 |a 158.2  |b A107L 
245 0 0 |a Ánh lửa tình bạn  |c First News tổng hợp, thực hiện 
260 # # |a TP. Hồ Chí Minh  |b Tổng hợp TP. Hồ Chí Minh  |c 2008 
300 # # |a 151tr.  |c 21cm. 
490 # # |a Hạt giống tâm hồn 
650 # 4 |a Tâm lý học 
653 # # |a Tình bạn 
653 # # |a Xã hội 
710 2 # |a First News 
852 # # |b Kho đọc  |j KD.0013086 
852 # # |j KD.0013086 
910 |d 03/04/2012 
980 # # |a Trung tâm Học liệu Lê Vũ Hùng, Trường Đại học Đồng Tháp